|
|
|
|
| LEADER |
01002nam a2200253 a 4500 |
| 001 |
4035010 |
| 008 |
090827s1999 nyua 001 0 eng d |
| 010 |
|
|
|a 98037600
|
| 020 |
|
|
|a 1579550045 (Wolfram Media)
|
| 020 |
|
|
|a 0521643147 (Cambridge)
|
| 040 |
|
|
|a DLC
|c DLC
|d DLC
|
| 082 |
0 |
0 |
|a 510/.285/5369
|2 21
|
| 100 |
1 |
|
|a Wolfram, Stephen.
|
| 245 |
1 |
4 |
|a The mathematica book /
|c Stephen Wolfram.
|
| 250 |
|
|
|a 4th ed.
|
| 260 |
|
|
|a Champaign, IL :
|b Wolfram Media ;
|a New York :
|b Cambridge University Press,
|c c1999.
|
| 300 |
|
|
|a xxvi, 1470 p. :
|b ill. (some col.) ;
|c 24 cm.
|
| 504 |
|
|
|a Includes index.
|
| 541 |
1 |
|
|e 00011501
|
| 630 |
0 |
0 |
|a Mathematica (Computer file)
|
| 650 |
|
0 |
|a Mathematics
|x Data processing.
|
| 852 |
4 |
|
|a Ayesha Abed Library
|j General shelf
|
| 999 |
|
|
|c 3921
|d 3921
|
| 952 |
|
|
|0 0
|1 0
|2 ddc
|4 0
|6 510_285536900000000_WOL_1999
|7 0
|9 3564
|a BRACUL
|b BRACUL
|c GEN
|d 2009-09-15
|g 0.00
|l 5
|m 28
|o 510.2855369 WOL
|p 3010011501
|r 2022-05-16
|s 2022-05-12
|t 1
|w 2009-09-15
|y BK
|x No price found in the accession register.
|